El maravilloso viaje de Nils Holgersson (Registro nro. 4437)

Detalles MARC
000 -CABECERA
Longitud fija campo de control 01581nam a2200325 i 4500
005 - • FECHA Y HORA DE LA ÚLTIMA TRANSACCIÓN
Fecha y hora de la última transacción 20220317000555.0
007 - • CAMPO FIJO DE DESCRIPCIÓN FÍSICA
Campo fijo de descripción física ta
008 - • CÓDIGOS DE INFORMACIÓN DE LONGITUD FIJA
Códigos de información de longitud fija 200423s2005 mx gr 000 f spa
020 ## - • NÚMERO INTERNACIONAL NORMALIZADO PARA LIBROS
Número Internacional Normalizado para Libros (ISBN) 9700752755
040 ## - FUENTE DE LA CATALOGACIÓN
Centro catalogador de origen CO-BoRNBP
Lengua de catalogación spa
Normas de descripción rda
Centro transcriptor CO-BoRNBP
041 1# - • CÓDIGO DE LENGUA
Código de lengua del texto/banda sonora o título independiente spa
Código de lengua original sw
043 ## - CÓDIGO DE ÁREA GEOGRÁFICA
Código de área geográfica e-sw---
084 ## - • Clasificación Local Alfanúmerica PNLB
Número de clasificación N LAG1
100 1# - • PUNTO DE ACCESO PRINCIPAL-NOMBRE DE PERSONA
Nombre de persona Lagerlöf, Selma Otillana
Fechas asociadas al nombre 1858-1940
Término indicativo de función autora
245 13 - • TITULO PROPIAMENTE DICHO
Título El maravilloso viaje de Nils Holgersson
Mención de responsabilidad, etc. Selma Lagerlöf ; introducción de Palma Guillén de Nicolau
250 ## - • MENCIÓN DE EDICIÓN
Mención de edición Undécima edición
264 #1 - PRODUCCIÓN, PUBLICACIÓN , DISTRIBUCIÓN, FABRICACIÓN Y COPYRIGHT
Lugar de producción, publicación, distribución, fabricación México
Nombre del productor, editor, distribuidor, fabricante Porrúa
Fecha de de producción, publicación, distribución, fabricación o copyright 2005
300 ## - • DESCRIPCIÓN FÍSICA
Extensión 325 páginas
Dimensiones 22 cm
336 ## - TIPO DE CONTENIDO
Término de tipo de contenido texto
Código de tipo de contenido txt
Fuente rdacontent
337 ## - TIPO DE MEDIO
Nombre del tipo de medio sin mediación
Código del tipo de medio n
Fuente rdamedia
338 ## - TIPO DE SOPORTE
Nombre del tipo de soporte volumen
Código del tipo de soporte nc
Fuente rdacarrier
520 ## - • NOTA DE RESUMEN
Resumen, etc, El pequeño Nils Holgersson ha sido convertido en un duendecillo en castigo por su mal comportamiento. Para romper el hechizo y volver a ser un niño deberá acompañar a una bandada de gansos en su viaje a través de Suecia. Junto a ellos vivirá numerosas aventuras, unas peligrosas y otras divertidas, pero ninguna le dejará indiferente. Este va a ser para Nils el viaje de su vida, el descubrimiento de un mundo que le cambiará para siempre y le convertirá en persona, en todos los sentidos
521 ## - • NOTA DE PÚBLICO DESTINATARIO
Nota público destinatario (R ) Recomendado para un público infantil y juvenil
534 ## - • Nota De Versión Original
Título Nils Holgerssons underbara resa genom Sverige
650 17 - • PUNTO DE ACCESO ADICIONAL DE MATERIA - TÉRMINO DE MATERIA
Término de materia o nombre geográfico como elemento inicial Novela sueca
Subdivisión cronológica Siglo XIX
Fuente del encabezamiento o término ARMARC
650 17 - • PUNTO DE ACCESO ADICIONAL DE MATERIA - TÉRMINO DE MATERIA
Término de materia o nombre geográfico como elemento inicial Literatura sueca
Subdivisión cronológica Siglo XIX
Fuente del encabezamiento o término ARMARC
650 17 - • PUNTO DE ACCESO ADICIONAL DE MATERIA - TÉRMINO DE MATERIA
Término de materia o nombre geográfico como elemento inicial Naturaleza
Subdivisión de forma Novela
Fuente del encabezamiento o término ARMARC
700 1# - • PUNTO DE ACCESO ADICIONAL - NOMBRE DE PERSONA
Nombre de persona Guillén de Nicolau, Palma
Término indicativo de función introducción
942 ## - ENTRADA DE ELEMENTOS AGREGADOS (KOHA)
Fuente de clasificaión o esquema
Koha [por defecto] tipo de item Libro Literatura

No hay ítems disponibles.










Instituto Departamental de Cultura del Meta - Red Departamental de Bibliotecas Públicas del Meta.